<?xml version="1.0" encoding="UTF-8"?>
<marc:record xmlns:marc="http://www.loc.gov/MARC21/slim">
   <marc:leader>00000nam a2200000 a 4500</marc:leader>
   <marc:datafield ind1="1" ind2=" " tag="100">
      <marc:subfield code="a">Anderson, Wes</marc:subfield>
      <marc:subfield code="4">aut</marc:subfield>
      <marc:subfield code="e">Verfasser/-in</marc:subfield>
   </marc:datafield>
   <marc:datafield ind1="1" ind2=" " tag="100">
      <marc:subfield code="a">Cera, Michael</marc:subfield>
   </marc:datafield>
   <marc:datafield ind1="1" ind2=" " tag="100">
      <marc:subfield code="a">Threapleton, Mia</marc:subfield>
   </marc:datafield>
   <marc:datafield ind1="1" ind2=" " tag="100">
      <marc:subfield code="a">Del Toro, Benicio</marc:subfield>
   </marc:datafield>
   <marc:datafield ind1="0" ind2="0" tag="245">
      <marc:subfield code="a">Der phönizische Meisterstreich</marc:subfield>
   </marc:datafield>
   <marc:datafield ind1="0" ind2="0" tag="245">
      <marc:subfield code="b">ein American Empirical Picture von Wes Anderson</marc:subfield>
   </marc:datafield>
   <marc:datafield ind1="0" ind2="0" tag="245">
      <marc:subfield code="c">Benicio Del Toro, Mia Threapleton, Michael Cera ; Drehbuch und Regie: Wes Anderson</marc:subfield>
   </marc:datafield>
   <marc:datafield ind1=" " ind2="1" tag="264">
      <marc:subfield code="b">Universal Pictures Germany</marc:subfield>
      <marc:subfield code="c">2025</marc:subfield>
   </marc:datafield>
   <marc:datafield ind1="1" ind2=" " tag="520">
      <marc:subfield code="a">Ein American Empirical Picture von Wes AndersonAnatole "Zsa-zsa" Korda  - rücksichtslos, skrupellos, einer der reichsten Männer Europas - kämpft in Wes Andersons "Der phönizische Meisterstreich" um sein Leben. Während der Endphase eines riesigen, jahrzehntelangen, bahnbrechenden Projekts überlebt Korda ein sechstes Attentat und muss eine Nachfolgerin ernennen: seine ihm entfremdete Tochter Liesl - eine Nonne. Mit seinem persönlichen Tutor Bjørn im Schlepptau begibt sich das Trio auf ein weltumspannendes Abenteuer, um Kordas epische Mission zu erfüllen.</marc:subfield>
   </marc:datafield>
   <marc:datafield ind1="3" ind2=" " tag="024">
      <marc:subfield code="a">5053083271268</marc:subfield>
   </marc:datafield>
   <marc:datafield ind1=" " ind2=" " tag="500">
      <marc:subfield code="a">Ton: Deutsch, Englisch ; Untertitel: Deutsch, Englisch</marc:subfield>
   </marc:datafield>
   <marc:datafield ind1="0" ind2=" " tag="490">
      <marc:subfield code="v">0</marc:subfield>
   </marc:datafield>
   <marc:datafield ind1=" " ind2=" " tag="300">
      <marc:subfield code="a">1 DVD - Video (97 Minuten)</marc:subfield>
   </marc:datafield>
</marc:record>
